Τα καλλιτεχνικά ρεύματα minimal art, arte povera και conceptual art : το ψηφιακό τους μουσείο και παιδαγωγικές προτάσεις : διπλωματική εργασία [μεταπτυχιακή εργασία]

Αποθηκεύτηκε σε:
Λεπτομέρειες βιβλιογραφικής εγγραφής
Κύριος συγγραφέας: Μήτρακα, Χρυσούλα
Συγγραφή απο Οργανισμό/Αρχή: Πανεπιστήμιο Αιγαίου Σχολή Ανθρωπιστικών Επιστημών Παιδαγωγικό Τμήμα Δημοτικής Εκπαίδευσης Πρόγραμμα Μεταπτυχιακών Σπουδών Επιστήμες της Αγωγής - Εκπαίδευση με τη Χρήση Νέων Τεχνολογιών
Άλλοι συγγραφείς: Φιοραβάντες, Βασίλης, 1952- (Εισηγητής διατριβής)
Μορφή: Thesis Βιβλίο
Γλώσσα:Greek
Δημοσίευση: 2014
Θέματα:
Διαθέσιμο Online:http://hdl.handle.net/11610/16235
Ετικέτες: Προσθήκη ετικέτας
Δεν υπάρχουν, Καταχωρήστε ετικέτα πρώτοι!

MARC

LEADER 00000cam a2200000 i 4500
001 1/59187
008 141106s2014 gre d
035 |l 10119654 
040 |a GR-MY-UA  |b gre  |e aacr 
041 0 |a gre 
082 0 |a 709.04075  |2 (22) 
100 1 |a Μήτρακα, Χρυσούλα. 
245 1 3 |a Τα καλλιτεχνικά ρεύματα minimal art, arte povera και conceptual art :  |b το ψηφιακό τους μουσείο και παιδαγωγικές προτάσεις : διπλωματική εργασία [μεταπτυχιακή εργασία] /  |c Μήτρακα Χρυσούλα ; επιβλέπων: Φιοραβάντες Σπυροβασίλης 
260 |c 2014 
300 |a 105 σ.;  |c 30 εκ.+  |e 1 cd. 
500 |a Μέλη εξεταστικής επιτροπής: Φωκίδης Εμμανουήλ, Καμπουροπούλου Μαίρη 
502 # # |a Διατριβή (μεταπτυχιακή) – Πανεπιστήμιο Αιγαίου, Ρόδος, 2014. 
504 |a Βιβλιογραφία: σ. 102-105 
650 0 0 |a Art, Modern  |y 20th century. 
650 0 0 |a Aesthetics, Modern  |y 20th century. 
650 0 0 |a Art, Modern  |x Philosophy. 
650 0 0 |a Art  |x Study and teaching. 
650 0 0 |a Dissertations, Academic  |z Greece. 
700 1 |a Φιοραβάντες, Βασίλης,   |d 1952-  |4 ths 
710 2 |a Πανεπιστήμιο Αιγαίου  |b Σχολή Ανθρωπιστικών Επιστημών  |b Παιδαγωγικό Τμήμα Δημοτικής Εκπαίδευσης  |b Πρόγραμμα Μεταπτυχιακών Σπουδών Επιστήμες της Αγωγής - Εκπαίδευση με τη Χρήση Νέων Τεχνολογιών. 
852 |a INST  |b RHODES  |c DIATR  |e 20141106  |h 709.04075 ΜΗΤ  |p 005400037241  |q 005400037241  |t MTXE  |y 23 
852 |a INST  |b RHODES  |c DIATR  |e 20141106  |h 709.04075 ΜΗΤ  |p 005400037242  |q 005400037242  |t MTXE  |y 23 
856 |u http://hdl.handle.net/11610/16235 
901 |a BIBL4-2014-3 
909 |a Ρ  |b 183561 
909 |a Ρ  |b 183562 
924 |a ΜΗΤΡΑΚΑ  |b ΧΡΥΣΟΥΛΑ  |y ΡΟΔΟΣ  |z 2014-03 
970 |z 2014/11/06